Význam princípu subsidiarity pre Macintyrovu víziu politiky
Kritické preskúmanie vybraných aspektov politickej filozofie A. MacIntyra, a to jeho vízie politiky spoločného dobra. Hlavným predmetom jeho záujmu bola kritika modernej etiky, jeho novoaristotelovská etika či problematika vzťahu racionality a morálky, prípadne morálnej prijateľnosti používania tzv....
Saved in:
| Main Author: | |
|---|---|
| Format: | Book Chapter |
| Language: | Slovak |
| Subjects: | |
| Tags: |
No Tags, Be the first to tag this record!
|
MARC
| LEADER | 00000naa a2200000 4500 | ||
|---|---|---|---|
| 001 | 0245460 | ||
| 005 | 20180612142521.8 | ||
| 041 | 0 | |a slo | |
| 044 | |a SK | ||
| 245 | 1 | 0 | |a Význam princípu subsidiarity pre Macintyrovu víziu politiky |c Marián Kuna |
| 520 | |a Kritické preskúmanie vybraných aspektov politickej filozofie A. MacIntyra, a to jeho vízie politiky spoločného dobra. Hlavným predmetom jeho záujmu bola kritika modernej etiky, jeho novoaristotelovská etika či problematika vzťahu racionality a morálky, prípadne morálnej prijateľnosti používania tzv. chytroliekov. | ||
| 610 | 2 | 0 | |a filozofia |
| 610 | 2 | 0 | |a politika |
| 610 | 2 | 0 | |a etika |
| 610 | 2 | 0 | |a morálka |
| 610 | 2 | 0 | |a spoločnosť |
| 610 | 2 | 0 | |a komunity |
| 610 | 2 | 0 | |a štát |
| 610 | 2 | 0 | |a subsidiarita |
| 100 | 1 | |a Kuna, Marián | |